Panorama ecológico : forma y movimiento /

Guardado en:
Autor Principal: Tabares de Paladini, María Teresa
Otros Autores: García de Ricart, Mirta J.
Formato: Libro
Publicado: Buenos Aires : Estrada, 1993
Series:Doce + 1
Materias:
Etiquetas: Agregar Etiqueta
Sin Etiquetas, Sea el primero en etiquetar este registro!
LEADER 01189nam a22002175a 4500
001 CEM.cems016282
008 130507s1993##################000#0#####d
005 20230627113726.0
245 1 0 |a Panorama ecológico :  |b forma y movimiento /  |c María Teresa Tabares de Paladini y Mirta J García de Ricart 
260 |a Buenos Aires :  |b Estrada,  |c 1993 
300 |a 88 p. 
490 0 |a Doce + 1 
505 0 |a Fuerza y movimiento -- Concepto de fuerza -- Ley de inercia -- Las acciones producen reacciones -- Fuerzas eléctricas -- Fuerzas magnéticas -- Soporte y movimiento en los seres vivos -- Organización del sistema ósteo-muscular de los vertebrados -- La sustentación -- La locomoción -- Relación de los seres vivos con el medio -- El movimiento de las plantas -- Trabajo y energía -- Trabajo mecanico Máquinas simples -- Contaminación aire, agua, tierra 
020 |a 9500104628 
100 1 |a Tabares de Paladini, María Teresa 
700 1 |a García de Ricart, Mirta J. 
082 0 4 |a 574 
653 |a Biología 
653 |a Locomoción 
859 |a CEMS  |b BIB. CEMS - Agricultura  |h 574  |i T111-1  |p A1670.12  |t Ej.1  |v 2  |3 2 
859 |a CEMS  |b BIB. CEMS - Agricultura  |h 574  |i T111-1  |p A1671.12  |t Ej.2  |v 2  |3 2